000 00548nam a2200169Ia 4500
003 IN-BaIIA
008 211028s9999 xx 000 0 eng d
040 _cIIA Library
080 _a31.5
_bMES-4
110 _aMcGraw-Hill Book
_99591
245 0 _aMcGraw-Hill Encyclopedia of Science and Technology
_bvol. 4, DAC-ENS
_cMcGraw-Hill
260 _aNew York
_bMcGraw-Hill
_c1977
650 _aAstronomy and Astrophysics Thesaurus
650 _aEncyclopedia-Science & Technology
_99592
650 _aScience & Technology Encyclopedia
_99593
942 _cBK
999 _c5524
_d5524